The Arminian nunnery : or, a briefe description and relation of the late erected monasticall place, called the Arminian nunnery at Little Gidding in Huntington-shire. Humbly recommended to the wise consideration of this present Parliament. The foundation is by a company of farrars at Gidding.

Bibliographic Details
Format: eBook
Language:English
Published: [London] : Printed for Thomas Underhill, 1641.
Series:Early English books online.
Subjects:
Online Access:Connect to the full text of this electronic book

MARC

Tag First Indicator Second Indicator Subfields
LEADER 00000nam a2200000 4500
001 in00004339513
005 20200812100206.0
006 m g d
007 cr bn |||a|bb|
008 851210s1641 enk o 00| | eng d
035 |a (UnM)99859798 
037 |a CL0051000001  |b ProQuest Information and Learning. 300 N. Zeeb Rd., Ann Arbor, MI 48106 
040 |a Cu-RivES  |c Cu-RivES  |d CStRLIN  |e dcrb  |d WaOLN 
245 0 4 |a The Arminian nunnery :  |b or, a briefe description and relation of the late erected monasticall place, called the Arminian nunnery at Little Gidding in Huntington-shire. Humbly recommended to the wise consideration of this present Parliament. The foundation is by a company of farrars at Gidding. 
246 2 |a Briefe description and relation of the late erected monasticall place, called the Arminian nunnery 
260 |a [London] :  |b Printed for Thomas Underhill,  |c 1641. 
300 |a 1 online resource ([2], 10 pages) 
336 |a text  |b txt  |2 rdacontent 
337 |a computer  |b c  |2 rdamedia 
338 |a online resource  |b cr  |2 rdacarrier 
500 |a Woodcut illustration on title page. 
500 |a Place of publication from Wing. 
500 |a Reproduction of the original in the British Library. 
510 4 |a Wing (2nd edition, 1994)  |c A3699. 
510 4 |a Thomason  |c E.171[10]. 
533 |a Electronic reproduction.  |b Ann Arbor, Mich. :  |c UMI,  |d 1999-  |f (Early English books online)  |n Digital version of: (Thomason Tracts ; 30:E171[10])  |7 s1999 miun s 
610 2 0 |a Arminian Nunnery  |x History  |v Early works to 1800. 
650 0 |a Convents  |z England  |z Huntingdonshire  |v Early works to 1800. 
830 0 |a Early English books online. 
856 4 0 |u http://proxy.library.tamu.edu/login?url=https://search.proquest.com/docview/2240881695  |z Connect to the full text of this electronic book  |t 0 
999 f f |s 69c45550-3dc8-3097-bd6f-56733a1b24ed  |i 7119eece-6fb7-3f2e-8fa1-42a407020a1b  |t 0 
952 f f |a Texas A&M University  |b College Station  |c Electronic Resources  |d Available Online  |t 0  |h No information provided 
998 f f |t 0  |l Available Online